000 00781nam a22001815i 4500
001 160406
003 ES-MaACL
005 20230906212027.0
008 040924s1903 fr |||| | fre d
040 _aCAM
_bspa
_cCAM
100 1 _aMuret, Pierre.
_984567
245 1 4 _aLes papiers de l'Abbé Béliardi et les relations commerciales de la France et de l'Espagne au milieu du \RXVIIIe\R siècle (1757-1770) /
_cPierre Murat.
260 _aMacon :
_b[s.n.,
_cs.a.] (
_fProtat Frères, imprimeurs)
300 _a16 p. ;
_c25 cm.
500 _aDatos tomados de la cub.
595 _aExtrait de la Revue d'histoire moderne et contemporaine, 1902-1903, T. IV, p. 657-672.
852 _aES-MaACL
_jT-1060-F-11
_z-- Enc. hol., conservando la cub. original
_z-- Enc. en un vol. facticio
999 _c160406
_d160406